3-Letter Blitz Quiz Stats

 Plays Quiz Updated Nov 21, 2018

Also try: 7-Letter Blitz
Challenge
Share
Tweet
Embed
Score 0/30 Timer 03:00
9 Plays Today
Category 3-Letter Word % Correct
'Green Eggs & Ham' WordsHam, And, Are, Car, Box, Eat, Fox, ...
96.5%
MonthsMay
93%
Written-Out NumbersOne, Two, Ten, Six
91.7%
Big Four US TV NetworksABC, NBC, CBS, Fox
89.5%
Original 64 CrayolaRed, Tan
88%
Tony Award Best Play'Art,' Red
81.7%
World CurrenciesLek, Yen, Lev, Won, Kip, Leu, Sol, Som
78.1%
Snow White's 7 DwarfsDoc
77.8%
Chinese ZodiacRat, Ram, Dog, Pig
77.6%
TV's Batman Fight WordsBam, Pop, Zap, Pow, Rip, Awk, Zok...
76.2%
3-Letter Trig FunctionsSin, Cos, Tan, Csc, Sec, Cot
75.8%
'The Office' Roles 1st NamesPam, Jim, Jan, Roy, Tom, Bob, ...
73.7%
Nintendo ConsolesWii, NES, 3DS, N64, GBA
72.6%
Interrogative WordsWho, How, Why
71.9%
Greek AlphabetChi, Rho, Eta, Psi, Phi, Tau
70.6%
Category 3-Letter Word % Correct
#1 Michael Jackson songsBen, ABC,* Bad
69%
Top-Level Internet Domains.biz .com .edu .gov .mil .net .org...
67.3%
PrepositionsFor, Out, Off, O'er, Ere, Via, Per, But...
67%
'Sound of Music' 'Notes' #Doe, Ray, Far, Sew, Tea
66.3%
Old Testament BooksJob
51.2%
Chemical ElementsTin
46.2%
AKC Dog BreedsPug
43.9%
Human Bones (non-Latin)Rib, Hip, Jaw
43.2%
ConstellationsAra, Leo
41.4%
'Little Women' SistersAmy, Meg
41.3%
Pope NamesLeo
41%
Historic Chinese DynastiesXia, Qin, Xin, Sui, Han, Jin
36.6%
MLB Hall of Fame MembersOtt, Day, Fox, Cox
34.2%
US Supreme Court JusticesDay, Jay
17.2%
UN Secretaries GeneralLie, Ban
9.8%

You're not logged in!

Compare scores with friends on all Sporcle quizzes.
OR
Log In

You Might Also Like...

Show Comments

Extras

Top Quizzes Today


Score Distribution

Your Account Isn't Verified!

In order to create a playlist on Sporcle, you need to verify the email address you used during registration. Go to your Sporcle Settings to finish the process.

Report this User

Report this user for behavior that violates our Community Guidelines.

Details: